Painting the Mediterranean Phoenician : on Canaanite-Phoenician trade-nets /

"This book focuses on the Canaanite-Phoenician economic systems that predominated in and determined Mediterranean history. Phoenician trade networks were sophisticated and elaborate operations that required a highly developed society and institutions in order to spread and be maintained. By tra...

Full description

Bibliographic Details
Main Author: Regev, Dalit, 1959- (Author)
Format: Book
Language:English
Published: Sheffield, South Yorkshire ; Bristol, CT : Equinox Publishing Ltd, 2021.
Series:Worlds of the ancient Near East and Mediterranean.
Subjects:

MARC

Tag First Indicator Second Indicator Subfields
LEADER 00000cam a2200000 i 4500
001 in00004451007
008 200117t20212021enkb b 001 0 eng
005 20250318223735.2
010 |a  2020000613 
020 |a 9781781798256 
020 |a 1781798257  |q hardcover 
020 |z 9781781798270  |q electronic book 
035 |a (OCoLC)on1134855595 
035 |a (OCoLC)1134855595 
040 |a DLC  |b eng  |e rda  |c DLC  |d OCLCO  |d OCLCF  |d ERASA  |d UKMGB  |d ZVP  |d OCLCO  |d YDX 
042 |a pcc 
043 |a mm----- 
050 0 0 |a HF370  |b .R54 2021 
082 0 0 |a 382.09394/4  |2 23 
100 1 |a Regev, Dalit,  |d 1959-  |e author. 
245 1 0 |a Painting the Mediterranean Phoenician :  |b on Canaanite-Phoenician trade-nets /  |c Dalit Regev. 
264 1 |a Sheffield, South Yorkshire ;  |a Bristol, CT :  |b Equinox Publishing Ltd,  |c 2021. 
264 4 |c ©2021 
300 |a xiii, 231 pages :  |b color maps ;  |c 29 x 22 cm. 
336 |a text  |b txt  |2 rdacontent 
336 |a cartographic image  |b cri  |2 rdacontent 
337 |a unmediated  |b n  |2 rdamedia 
338 |a volume  |b nc  |2 rdacarrier 
490 1 |a Worlds of the ancient Near East and Mediterranean 
505 0 |a 1. The Canaanite-Phoenician continuum -- 2. Trade and diaspora networks -- 3. The early networks and the Canaanite-Phoenician International Style -- 4. Canaanite-Phoenician style and corpus -- 5. Phoenician networks : geographical zones and central nodes -- 6. Phoenician industrial networks -- 7. Conclusions. 
504 |a Includes bibliographical references and index. 
520 |a "This book focuses on the Canaanite-Phoenician economic systems that predominated in and determined Mediterranean history. Phoenician trade networks were sophisticated and elaborate operations that required a highly developed society and institutions in order to spread and be maintained. By tracking the manufacture, use, and shipment routes of Phoenician products, primarily those traded in amphorae and bottles but also fine-ware and their associated assemblages, a new map of Mediterranean connectivity and interrelations emerges, whose routes, operations and cultural affiliation lasted a long time. The Phoenician trade-nets are presented geographically, with special attention paid to the traceable product networks involving wine, salted fish, or perfumed oils"--  |c Provided by publisher. 
651 0 |a Phoenicia  |x Commerce  |x History  |y To 1500. 
651 0 |a Mediterranean Region  |x Commerce  |x History  |y To 1500. 
650 0 |a Pottery, Phoenician. 
650 7 |a Commerce.  |2 fast  |0 (OCoLC)fst00869279 
650 7 |a Pottery, Phoenician.  |2 fast  |0 (OCoLC)fst01073849 
651 7 |a Mediterranean Region.  |2 fast  |0 (OCoLC)fst01239752 
651 7 |a Middle East  |z Phoenicia.  |2 fast  |0 (OCoLC)fst01232263 
648 7 |a To 1500  |2 fast 
655 7 |a History.  |2 fast  |0 (OCoLC)fst01411628 
776 0 8 |i Online version:  |a Regev, Dalit, 1959-  |t Painting the Mediterranean Phoenician  |d Sheffield, South Yorkshire ; Bristol, CT : Equinox Publishing Ltd, 2020.  |z 9781781798270  |w (DLC) 2020000614 
830 0 |a Worlds of the ancient Near East and Mediterranean. 
852 8 |b pda,print  |z This title is available for the library to purchase for your use. Click the "Purchase It For Me" button to place a request. This item may take 5-10 business days to arrive. 
955 |a Print PDA title 
999 f f |s 901b6475-1eef-497c-9097-8abc93299c41  |i be9c1576-b8f5-3715-8e80-6f3890f4a35e  |t 0 
952 f f |a Texas A&M University  |b College Station  |c Sterling C. Evans Library  |d Purchase on Demand  |t 0  |e HF370 .R54 2021  |h Library of Congress classification 
998 f f |a HF370 .R54 2021  |t 0  |l Purchase on Demand